Les nouveaux pays à chaque édition des Jeux paralympiques d'été - Statistiques

Statistiques générales
  • Ce quiz a été pris 11 fois
  • Le résultat moyen est 77 sur 171
Statistiques - réponses
Hint Indice Réponse % Correct
1960 Amérique A Argentine
90%
1960 Europe A Allemagne
80%
1960 Océanie A Australie
80%
1960 Europe A Autriche
80%
1960 Europe B Belgique
80%
1964 Océanie F Fidji
80%
1960 Europe F France
80%
1972 Europe H Hongrie
80%
1968 Asie I Inde
80%
1960 Europe I Italie
80%
1960 Europe N Norvège
80%
1972 Europe P Pologne
80%
1960 Europe S Suisse
80%
1968 Europe D Danemark
70%
1968 Europe E Espagne
70%
1960 Amérique E Etats-Unis
70%
1968 Afrique E Ethiopie
70%
1960 Europe F Finlande
70%
1976 Amérique G Guatemala
70%
1960 Europe I Irlande
70%
1968 Amérique J Jamaïque
70%
1964 Asie J Japon
70%
1960 Europe M Malte
70%
1972 Amérique M Mexique
70%
1968 Océanie N Nouvelle-Zélande
70%
1972 Europe P Portugal
70%
1972 Europe R Roumanie
70%
1960 Europe S Suède
70%
1980 Afrique Z Zimbabwe
70%
1964 Afrique A Afrique-du-Sud
60%
1992 Afrique A Algérie
60%
1972 Amérique B Bahamas
60%
1972 Amérique B Brésil
60%
1992 Afrique B Burkina Faso
60%
1992 Amérique C Costa Rica
60%
1992 Europe C Croatie
60%
1992 Amérique C Cuba
60%
1992 Asie E Emirats Arabes Unis
60%
1976 Amérique E Equateur
60%
1992 Europe E Estonie
60%
1980 Europe I Islande
60%
1960 Asie I Israël
60%
1984 Asie J Jordanie
60%
1972 Afrique K Kenya
60%
1984 Europe L Liechtenstein
60%
1976 Europe L Luxembourg
60%
1988 Afrique M Maroc
60%
1992 Afrique N Namibie
60%
1988 Asie O Oman
60%
1972 Afrique O Ouganda
60%
1992 Amérique P Panama
60%
1960 Europe P Pays-Bas
60%
1972 Europe* T Tchécoslovaquie
60%
1992 Asie/Europe T Turquie
60%
1992 Amérique U Uruguay
60%
1984 Amérique V Venezuela
60%
1992 Asie Y Yémen
60%
1996 Asie A Arabie saoudite
50%
1996 Asie A Arménie
50%
1984 Asie B Bahreïn
50%
2000 Afrique B Bénin
50%
2020 Asie B Bhoutan
50%
1996 Europe B Biélorussie
50%
1976 Asie B Birmanie
50%
1992 Amérique C Chili
50%
1984 Asie C Chine
50%
1976 Amérique C Colombie
50%
1968 Asie C Corée-du-Sud
50%
1972 Afrique E Egypte
50%
1980 Asie K Koweït
50%
2000 Afrique L Lesotho
50%
1992 Europe L Lettonie
50%
1992 Europe L Lituanie
50%
1992 Asie P Pakistan
50%
1984 Océanie P Papouasie-Nouvelle-Guinée
50%
1972 Amérique P Pérou
50%
1996 Asie Q Qatar
50%
1960 Afrique* R Rhodésie
50%
1960 Europe R Royaume-Uni
50%
1996 Europe S Slovaquie
50%
1992 Europe S Slovénie
50%
1980 Afrique S Soudan
50%
1992 Asie S Syrie
50%
1992 Asie T Taïwan
50%
1984 Amérique T Trinité-et-Tobago
50%
1988 Afrique T Tunisie
50%
1996 Europe U Ukraine
50%
1996 Afrique Z Zambie
50%
1996 Asie A Afghanistan
40%
1996 Afrique A Angola
40%
1996 Asie/Europe A Azerbaïdjan
40%
1996 Europe B Bosnie-Herzégovine
40%
1988 Europe B Bulgarie
40%
2000 Asie C Cambodge
40%
1996 Afrique C Côte d'ivoire
40%
1996 Amérique H Honduras
40%
1976 Asie I Indonésie
40%
1992 Asie I Irak
40%
1988 Asie I Iran
40%
2000 Asie L Laos
40%
1996 Europe M Macédoine
40%
2000 Afrique M Madagascar
40%
1972 Asie M Malaisie
40%
1996 Afrique M Maurice
40%
1996 Europe M Moldavie
40%
2020 Amérique P Paraguay
40%
1992 Afrique T Tanzanie
40%
1984 Asie T Thaïlande
40%
1988 Asie/Europe* U URSS
40%
2000 Océanie V Vanuatu
40%
2000 Amérique B Barbade
30%
1988 Asie C Chypre
30%
2012 Afrique C Congo
30%
2020 Amérique G Guyana
30%
1996 Asie K Kazakhstan
30%
1996 Asie K Kirghizistan
30%
1996 Afrique L Libye
30%
2012 Afrique M Malawi
30%
2000 Afrique M Mali
30%
2000 Afrique M Mauritanie
30%
2000 Asie M Mongolie
30%
2004 Asie N Népal
30%
2004 Amérique N Nicaragua
30%
1992 Afrique N Nigeria
30%
1992 Amérique R République dominicaine
30%
1996 Asie R Russie
30%
2012 Europe S Saint-Marin
30%
2000 Amérique S Salvador
30%
2000 Océanie S Samoa
30%
1992 Afrique S Seychelles
30%
1996 Afrique S Sierra Leone
30%
2004 Asie T Tadjikistan
30%
1996 Europe T Tchéquie
30%
2000 Océanie T Tonga
30%
2000 Asie T Turkménistan
30%
2000 Asie V Vietnam
30%
2012 Europe A Albanie
20%
2012 Europe A Andorre
20%
2012 Amérique A Antigua-et-Barbuda
20%
2004 Asie B Bangladesh
20%
2012 Asie B Brunei
20%
2012 Afrique C Cameroun
20%
2004 Afrique C Cap vert
20%
2004 Afrique C Centrafrique
20%
2012 Afrique C Comores
20%
2012 Asie C Corée-du-Nord
20%
2012 Afrique D Djibouti
20%
2012 Afrique G Gambie
20%
2004 Afrique G Ghana
20%
2004 Afrique G Guinée
20%
2012 Afrique G Guinée-Bissau
20%
2008 Amérique H Haïti
20%
2012 Afrique L Liberia
20%
2008 Europe M Monténégro
20%
2012 Afrique M Mozambique
20%
2004 Afrique N Niger
20%
2004 Asie O Ouzbékistan
20%
2000 Afrique R Rwanda
20%
2012 Océanie S Salomon
20%
1988 Asie S Singapour
20%
2016 Afrique S Somalie
20%
1996 Asie S Sri Lanka
20%
2004 Amérique S Suriname
20%
2004 Asie T Timor oriental
20%
2016 Afrique T Togo
20%
2012 Afrique A Angola
10%
2004 Afrique B Botswana
10%
2008 Afrique B Burundi
10%
2012 Afrique R RD Congo
10%
2016 Amérique S Sao Tomé et Principe
10%
2004 Europe* S Serbie-et-Monténégro
10%
Aucun quiz correspondant
Distribution des résultats
% des personnes avec chaque résultat
Percentile par nombre de réponses
Votre historique - résultats
Vous n’avez pas pris ce quiz